Battered women : issues of public policy : a consultation sponsored by the United States Commission on Civil Rights, Washington, D.C., January 30-31, 1978. (Record no. 1509)
[ view plain ]
| 000 -LEADER | |
|---|---|
| fixed length control field | 00743nam a2200193Ii 4500 |
| 003 - CONTROL NUMBER IDENTIFIER | |
| control field | JO-AjNU |
| 008 - FIXED-LENGTH DATA ELEMENTS--GENERAL INFORMATION | |
| fixed length control field | 230606s9999||||xx |||||||||||||| ||und|| |
| 040 ## - CATALOGING SOURCE | |
| Original cataloging agency | JO-AjNU |
| Language of cataloging | eng |
| Description conventions | rda |
| Transcribing agency | JO-AjNU |
| 041 ## - LANGUAGE CODE | |
| Language code of text/sound track or separate title | eng |
| 050 14 - LIBRARY OF CONGRESS CALL NUMBER | |
| Classification number | HV6626 .B36 1978 |
| 100 3# - MAIN ENTRY--PERSONAL NAME | |
| Personal name | the United States Commission on Civil Rights, |
| Relator term | author |
| 9 (RLIN) | 2880 |
| 245 00 - TITLE STATEMENT | |
| Title | Battered women : issues of public policy : a consultation sponsored by the United States Commission on Civil Rights, Washington, D.C., January 30-31, 1978. |
| 264 31 - PRODUCTION, PUBLICATION, DISTRIBUTION, MANUFACTURE, AND COPYRIGHT NOTICE | |
| Place of production, publication, distribution, manufacture | Washington, D.C. : The Commission, [between 1978 and 1983] |
| 300 ## - PHYSICAL DESCRIPTION | |
| Extent | 706p |
| 336 ## - CONTENT TYPE | |
| Content type term | text |
| Content type code | txt |
| Source | rdacontent |
| 337 ## - MEDIA TYPE | |
| Media type term | unmediated |
| Media type code | n |
| Source | rdamedia |
| 338 ## - CARRIER TYPE | |
| Carrier type term | volume |
| Carrier type code | nc |
| Source | rdacarrier |
| 650 #4 - SUBJECT ADDED ENTRY--TOPICAL TERM | |
| Topical term or geographic name entry element | Abused women-United States. |
| 9 (RLIN) | 2881 |
| Withdrawn status | Lost status | Source of classification or shelving scheme | Damaged status | Not for loan | Home library | Current library | Shelving location | Date acquired | Total Checkouts | Full call number | Barcode | Date last seen | Price effective from | Koha item type |
|---|---|---|---|---|---|---|---|---|---|---|---|---|---|---|
| Library of Congress Classification | مكتبة جامعة عجلون الوطنية | مكتبة جامعة عجلون الوطنية | المجموعات العامة | 06/06/2023 | HV6626 .B36 1978 | E1509 | 06/06/2023 | 06/06/2023 | Books |